Statistics for Maisie Peters - You’re Just A Boy (And I’m Kinda The Man)

Click here to take the quiz!

General Stats

  • This quiz has been taken 36 times
  • The average score is 436 of 475

Answer Stats

Answer% Correct
a
100%
boy
100%
But
100%
but
100%
I
100%
I’m
100%
just
100%
kinda
100%
man
100%
the
100%
when
100%
you?
100%
you
100%
You
100%
And
96%
and
96%
do
96%
in
96%
know
96%
not
96%
on
96%
to
96%
your
96%
you’re
96%
You’re
96%
be
92%
girl,
92%
girl
92%
gonna
92%
hand
92%
it
92%
like
92%
love
92%
Oh,
92%
oh
92%
one
92%
one-way
92%
over
92%
purpose
92%
she’s
92%
take
92%
trip
92%
what
92%
What
92%
What’s
92%
where
92%
with
92%
world
92%
awful
88%
awful,
88%
babe,
88%
circus
88%
come,
88%
could’ve
88%
Don’t
88%
don’t
88%
gone
88%
head’s
88%
heads
88%
Is
88%
is
88%
it’s
88%
losing
88%
Mr
88%
my
88%
now,
88%
now
88%
now?
88%
out
88%
sand
88%
that
88%
this?
88%
true
88%
want?
88%
woman
88%
bigger
85%
biggest
85%
Bruce
85%
cape
85%
clowns
85%
damn
85%
fan
85%
from
85%
giving
85%
Goodbye
85%
held
85%
sad
85%
up?
85%
up
85%
were
85%
best
81%
‘bout
81%
breakdown
81%
Bye
81%
bye
81%
Gave
81%
having
81%
me
81%
response
81%
see
81%
shoulder
81%
two
81%
was
81%
word
81%
better
77%
did
77%
did,
77%
expect?
77%
friend,
77%
lean
77%
than
77%
Wayne,
77%
can’t
73%
have
73%
jeans
73%
put
73%
took
73%
understand
73%
even
69%
quicker
69%
wait,
69%
Yeah,
69%
breath
65%
surprised
65%
text
65%
already
62%
holding
62%
left
62%
thought
62%
I’ve
58%
maybe
58%
pushed
58%
lost
54%
won’t
54%
Till
42%
God!
38%

Score Distribution

Percentile by Number Answered

Percent of People with Each Score

Your Score History

You have not taken this quiz